[Event "SLO-chT1 East"]
[Site "Slovenia"]
[Date "2015.11.27"]
[Round "7"]
[White "Bombek, Miha"]
[Black "Glavac, Igor"]
[Result "1/2-1/2"]
[WhiteElo "2014"]
[BlackElo "1870"]
[PlyCount "80"]
[EventDate "2015.10.16"]
[EventType "team-tourn"]
[EventRounds "9"]
[EventCountry "SLO"]
[SourceTitle "EXT 2019"]
[Source "ChessBase"]
[SourceDate "2018.10.10"]
[SourceVersion "1"]
[SourceVersionDate "2018.10.10"]
[SourceQuality "1"]
[WhiteTeam "Celje"]
[BlackTeam "Milan Majcen Sevnica"]
[WhiteTeamCountry "SLO"]
[BlackTeamCountry "SLO"]

1. e4 c5 2. Nc3 d6 3. f4 Nf6 4. Nf3 e6 5. Bc4 Be7 6. 0-0 0-0 7. d3 a6 8. a4 Nc6 9. Qe1 b6 10. Bd2 Bb7 11. Bb3 Qc7 12. Qg3 Rad8 13. f5 exf5 14. exf5 Kh8 15. Ng5 Ne5 16. Bf4 h6 17. Bxe5 hxg5 18. Bxf6 Bxf6 19. Rae1 Rfe8 20. Ne4 Bxe4 21. Rxe4 Rxe4 22. dxe4 Qe7 23. Bd5 Bxb2 24. Qb3 Bd4+ 25. Kh1 Rb8 26. Bxf7 Qxe4 27. Qe6 Be5 28. Qg6 Qh4 29. h3 Bf6 30. Kh2 Be5+ 31. Kh1 Bf6 32. Kh2 Rb7 33. Rd1 Re7 34. Be6 Be5+ 35. Kh1 Qh6 36. Qxh6+ gxh6 37. Rb1 Rb7 38. c4 a5 39. g4 Kg7 40. Kg2 Kf6 1/2-1/2

[Event "SLO-chT1 East"]
[Site "Sentjur"]
[Date "2013.10.26"]
[Round "8"]
[White "Bombek, Miha"]
[Black "Glavac, Igor"]
[Result "0-1"]
[WhiteElo "1819"]
[BlackElo "1890"]
[PlyCount "42"]
[EventDate "2013.10.17"]
[EventType "team-tourn"]
[EventRounds "9"]
[EventCountry "SLO"]
[SourceTitle "EXT 2015"]
[Source "ChessBase"]
[SourceDate "2014.11.20"]
[SourceVersion "1"]
[SourceVersionDate "2014.11.20"]
[SourceQuality "1"]

1. e4 c5 2. Nc3 d6 3. f4 Nf6 4. Nf3 e6 5. Bc4 a6 6. a4 d5 7. exd5 exd5 8. Ba2 Be7 9. 0-0 0-0 10. d3 b6 11. d4 c4 12. Be3 b5 13. axb5 axb5 14. Nxb5 Qb6 15. Nc3 Qxb2 16. Bd2 Nc6 17. Qb1 Qa3 18. Qb5 Qd6 19. Be3 Nb4 20. Rfc1 Bd7 21. Qc5 Qe6 0-1

[Event "SLO-chT1 East"]
[Site "Sentjur"]
[Date "2013.10.18"]
[Round "2"]
[White "Spelec, Darko"]
[Black "Bombek, Miha"]
[Result "0-1"]
[WhiteElo "2027"]
[BlackElo "1819"]
[PlyCount "72"]
[EventDate "2013.10.17"]
[EventType "team-tourn"]
[EventRounds "9"]
[EventCountry "SLO"]
[SourceTitle "EXT 2015"]
[Source "ChessBase"]
[SourceDate "2014.11.20"]
[SourceVersion "1"]
[SourceVersionDate "2014.11.20"]
[SourceQuality "1"]

1. d4 Nf6 2. Nf3 e6 3. e3 c5 4. Bd3 Nc6 5. 0-0 d5 6. a3 a6 7. b3 Rb8 8. Nbd2 b5 9. dxc5 Bxc5 10. Bb2 0-0 11. Qe2 b4 12. Ne5 Nxe5 13. Bxe5 Ra8 14. axb4 Bxb4 15. c3 Bd6 16. Bxd6 Qxd6 17. Ra5 Qc7 18. Rfa1 Qxc3 19. h3 h6 20. g4 Bb7 21. Nf3 e5 22. Bf5 e4 23. Nd4 g6 24. R5a3 gxf5 25. b4 Qc4 26. Qd1 fxg4 27. Rc1 Qxb4 28. Rb3 Qe7 29. Nf5 Qe5 30. hxg4 Bc8 31. Rxc8 Raxc8 32. Nxh6+ Kh7 33. Nf5 Nxg4 34. Ng3 Rg8 35. Rb7 Nxe3 36. Rxf7+ Kg6 0-1

[Event "SLO-chT U16"]
[Site "Rogla"]
[Date "2013.05.12"]
[Round "5"]
[White "Zirkelbach, Maj"]
[Black "Bombek, Miha"]
[Result "1-0"]
[WhiteElo "1830"]
[BlackElo "1801"]
[PlyCount "79"]
[EventDate "2013.05.10"]
[EventType "team-swiss"]
[EventRounds "6"]
[EventCountry "SLO"]
[SourceTitle "EXT 2015"]
[Source "ChessBase"]
[SourceDate "2014.11.20"]
[SourceVersion "1"]
[SourceVersionDate "2014.11.20"]
[SourceQuality "1"]

1. e4 c6 2. d4 d5 3. exd5 cxd5 4. c4 Nf6 5. Nc3 g6 6. Nf3 Bg7 7. Bg5 Nbd7 8. cxd5 Nb6 9. Ne5 0-0 10. Bxf6 exf6 11. Nf3 Nxd5 12. Be2 Be6 13. 0-0 Rc8 14. Qd2 Nxc3 15. bxc3 Qa5 16. c4 Qxd2 17. Nxd2 f5 18. Rab1 Bxd4 19. Rxb7 Bb6 20. Rc1 Rfe8 21. Bf1 Red8 22. Nf3 Kf8 23. Re1 h6 24. h4 Bxc4 25. Bxc4 Rxc4 26. Ree7 Rdc8 27. Rxf7+ Kg8 28. Rg7+ Kh8 29. Rh7+ Kg8 30. Rbg7+ Kf8 31. Rf7+ Kg8 32. Rhg7+ Kh8 33. Ne5 Rc1+ 34. Kh2 Bc7 35. f4 Bxe5 36. fxe5 R1c6 37. Rh7+ Kg8 38. Rfg7+ Kf8 39. Rxa7 Re8 40. Rh8# 1-0

[Event "SLO-ch U16"]
[Site "Murska Sobota"]
[Date "2013.02.26"]
[Round "6"]
[White "Pesl, Nejc"]
[Black "Bombek, Miha"]
[Result "0-1"]
[WhiteElo "1477"]
[BlackElo "1780"]
[PlyCount "58"]
[EventDate "2013.02.23"]
[EventType "swiss"]
[EventRounds "9"]
[EventCountry "SLO"]
[SourceTitle "EXT 2022"]
[Source "ChessBase"]
[SourceDate "2021.10.06"]
[SourceVersion "1"]
[SourceVersionDate "2021.10.06"]
[SourceQuality "1"]

1. c4 e5 2. Nc3 Nf6 3. g3 Bb4 4. Bg2 0-0 5. e3 Bxc3 6. bxc3 d6 7. d4 Nc6 8. Ne2 Bg4 9. 0-0 Qd7 10. f3 Bh3 11. e4 h6 12. d5 Ne7 13. Be3 Bxg2 14. Kxg2 c5 15. a4 a6 16. Qc2 Nh7 17. a5 f5 18. f4 fxe4 19. Qxe4 Qg4 20. Qd3 e4 21. Qc2 Nf5 22. Bc1 Ng5 23. Ng1 Nf3 24. Nxf3 exf3+ 25. Kh1 Nxg3+ 26. hxg3 Qh3+ 27. Kg1 Qxg3+ 28. Kh1 Rf5 29. Rxf3 Rh5+ 0-1

[Event "SLO-ch U16"]
[Site "Murska Sobota"]
[Date "2013.02.25"]
[Round "4"]
[White "Bombek, Miha"]
[Black "Murko, David"]
[Result "0-1"]
[WhiteElo "1780"]
[BlackElo "1634"]
[PlyCount "92"]
[EventDate "2013.02.23"]
[EventType "swiss"]
[EventRounds "9"]
[EventCountry "SLO"]
[SourceTitle "EXT 2022"]
[Source "ChessBase"]
[SourceDate "2021.10.06"]
[SourceVersion "1"]
[SourceVersionDate "2021.10.06"]
[SourceQuality "1"]

1. e4 c5 2. Nc3 Nc6 3. Bb5 Nd4 4. Bc4 g6 5. Nf3 Bg7 6. Nxd4 cxd4 7. Qf3 Nf6 8. Nb5 a6 9. Nxd4 Qc7 10. d3 0-0 11. h3 b5 12. Bb3 Bb7 13. Ne2 a5 14. c3 a4 15. Bc2 d5 16. 0-0 dxe4 17. dxe4 b4 18. Bf4 Qc5 19. Be3 Qc7 20. Qg3 Qc4 21. Qf3 Nxe4 22. b3 Qc6 23. Bxe4 Qxe4 24. Qxe4 Bxe4 25. Bd4 Bd3 26. Bxg7 Kxg7 27. Rfe1 axb3 28. cxb4 b2 29. Rad1 Bc2 30. Rb1 Bxb1 31. Rxb1 Rxa2 32. Kh2 Rc8 33. b5 Rc2 34. b6 Ra8 35. Nd4 Rc4 36. Nb5 Rb4 37. Nc7 Rb8 38. Na6 R8xb6 39. Nxb4 Rxb4 40. Kg3 Kf6 41. Kf3 Ke5 42. Ke3 Rb3+ 43. Kd2 Kd4 44. Kc2 Kc4 45. f3 Rc3+ 46. Kd2 Kb3 0-1

[Event "Wch U16"]
[Site "Maribor"]
[Date "2012.11.09"]
[Round "2.51"]
[White "Bombek, Miha"]
[Black "Gregori, Giacomo"]
[Result "0-1"]
[WhiteElo "1796"]
[BlackElo "2034"]
[PlyCount "46"]
[EventDate "2012.11.08"]
[EventType "swiss"]
[EventRounds "11"]
[EventCountry "SLO"]
[SourceTitle "EXT 2013"]
[Source "ChessBase"]
[SourceDate "2012.11.22"]
[SourceVersion "1"]
[SourceVersionDate "2012.11.22"]
[SourceQuality "1"]

1. e4 c6 2. d4 d5 3. e5 c5 4. c3 Nc6 5. Bb5 Bf5 6. Bxc6+ bxc6 7. dxc5 e6 8. b4 Qb8 9. Bf4 a5 10. Qd2 Bxc5 11. bxc5 Bxb1 12. Ne2 Ne7 13. 0-0 Bg6 14. Nd4 0-0 15. Qd1 Qa7 16. Be3 Rab8 17. Qa4 Rfc8 18. Bg5 Qxc5 19. Bxe7 Qxe7 20. Nxc6 Qe8 21. Qxa5 Qxc6 22. Rfc1 Qc5 23. Qa6 Rb2 0-1

[Event "SLO-ch U16"]
[Site "Debeli Rtic"]
[Date "2012.02.22"]
[Round "6"]
[White "Bombek, Miha"]
[Black "Zagorsek, David"]
[Result "1-0"]
[WhiteElo "1769"]
[BlackElo "1587"]
[PlyCount "49"]
[EventDate "2012.02.18"]
[EventType "swiss"]
[EventRounds "9"]
[EventCountry "SLO"]
[SourceTitle "EXT 2022"]
[Source "ChessBase"]
[SourceDate "2021.10.06"]
[SourceVersion "1"]
[SourceVersionDate "2021.10.06"]
[SourceQuality "1"]

1. e4 e6 2. d4 d5 3. e5 c5 4. c3 Nc6 5. Nf3 Qb6 6. a3 f6 7. b4 cxd4 8. cxd4 Be7 9. Bd3 Bd7 10. 0-0 Bd8 11. Nc3 fxe5 12. Nxe5 Nxe5 13. dxe5 Ne7 14. Be3 Qc7 15. Bd4 0-0 16. Rc1 Nc6 17. Nb5 Qb8 18. Qh5 h6 19. Qg6 Nxe5 20. Qh7+ Kf7 21. Bg6+ Nxg6 22. Qxg7+ Ke8 23. Qxg6+ Rf7 24. Rfe1 a6 25. Be5 1-0

[Event "EU-ch U14"]
[Site "Albena"]
[Date "2011.09.12"]
[Round "2"]
[White "Bombek, Miha"]
[Black "Lampert, Jonas"]
[Result "0-1"]
[WhiteElo "1810"]
[BlackElo "2188"]
[PlyCount "102"]
[EventDate "2011.09.11"]
[EventType "swiss"]
[EventRounds "9"]
[EventCountry "BUL"]
[SourceTitle "CBM 144 Extra"]
[Source "ChessBase"]
[SourceDate "2011.10.28"]
[SourceVersion "1"]
[SourceVersionDate "2011.10.28"]
[SourceQuality "1"]

1. e4 e5 2. Nf3 Nc6 3. Bb5 a6 4. Bxc6 dxc6 5. 0-0 f6 6. d4 exd4 7. Qxd4 Qxd4 8. Nxd4 Bd7 9. Nc3 0-0-0 10. Be3 Ne7 11. Rad1 Ng6 12. f4 Bb4 13. Nce2 c5 14. Nf3 Bb5 15. Kf2 Rde8 16. c3 Rxe4 17. Ng3 Rxe3 18. Kxe3 Bxf1 19. Nxf1 Re8+ 20. Kf2 Ba5 21. g3 Ne7 22. Ne3 b5 23. c4 Rd8 24. Rxd8+ Kxd8 25. b3 Kd7 26. Ke2 g6 27. Kd3 Ke6 28. g4 Bb6 29. h3 c6 30. Nh4 f5 31. g5 Nc8 32. Nf3 Bc7 33. Ng2 Bd6 34. h4 Nb6 35. Nd2 Nd7 36. Nf3 Nf8 37. Ng1 Ke7 38. Ne2 Ne6 39. Ke3 Bb8 40. Kd3 Kd7 41. Ke3 Bd6 42. Ne1 Kc7 43. Nc2 Kb6 44. Kf3 bxc4 45. bxc4 Nd4+ 46. Ncxd4 cxd4 47. Nxd4 Kc5 48. Ne6+ Kxc4 49. h5 c5 50. Ng7 Kd3 51. h6 Be7 0-1

[Event "SLO-ch U14"]
[Site "Rogaska Slatina"]
[Date "2010.02.23"]
[Round "6"]
[White "Urbanc, Peter"]
[Black "Bombek, Miha"]
[Result "1/2-1/2"]
[WhiteElo "1830"]
[BlackElo "1618"]
[PlyCount "125"]
[EventDate "2010.02.21"]
[EventType "swiss"]
[EventRounds "9"]
[EventCountry "SLO"]
[SourceTitle "EXT 2015"]
[Source "ChessBase"]
[SourceDate "2014.11.20"]
[SourceVersion "1"]
[SourceVersionDate "2014.11.20"]
[SourceQuality "1"]

1. b3 d5 2. Bb2 Nf6 3. e3 Bf5 4. Nf3 e6 5. Be2 Bd6 6. 0-0 0-0 7. d4 h6 8. c4 c6 9. Nc3 Nbd7 10. a4 a5 11. Rc1 Re8 12. Kh1 Ne4 13. Nxe4 Bxe4 14. h3 Nf6 15. Ne5 Bf5 16. Bh5 Bxe5 17. dxe5 Ne4 18. Bf3 Qh4 19. Bxe4 Bxe4 20. Qg4 Qxg4 21. hxg4 Bd3 22. Rfd1 Be2 23. Rd4 dxc4 24. bxc4 Red8 25. f3 c5 26. Rd6 Rxd6 27. exd6 Rd8 28. Be5 f6 29. Bg3 e5 30. Rb1 Rxd6 31. Rxb7 Bxc4 32. Rc7 Rd1+ 33. Kh2 Rd2 34. Kg1 Rd1+ 35. Kh2 Bf1 36. Rxc5 Rd2 37. Kg1 Bxg2 38. Rxa5 Bxf3 39. Bf2 Bxg4 40. Ra8+ Kh7 41. a5 Bf3 42. Ra7 Bc6 43. Rc7 Bb5 44. Rb7 Be2 45. Ra7 Rd6 46. Be1 f5 47. Kf2 Bd3 48. Bc3 Re6 49. Rd7 Ba6 50. Rd5 e4 51. Rxf5 Rc6 52. Bd4 Rc2+ 53. Kg3 Rc6 54. Re5 Bd3 55. Re7 Rg6+ 56. Kh4 Rg1 57. Ra7 Rg6 58. Re7 Rg1 59. Rc7 Rh1+ 60. Kg3 Rg1+ 61. Kh2 Rg5 62. Bf6 Rg6 63. Bd4 1/2-1/2